| 000 | 00807nam a2200229 i 4500 | ||
|---|---|---|---|
| 001 | 184352 | ||
| 003 | ES-MaACL | ||
| 005 | 20250701063206.0 | ||
| 007 | t| | ||
| 008 | 150625s1910 sp r ||||1| spa d | ||
| 080 | _a821.134.2-31"18" | ||
| 100 | 1 |
_aNombela, Julio, _d1836-1919 _985930 |
|
| 245 | 1 | 3 |
_aEl señor de Pérez ; _bUna mujer muerta en vida ; Una teoría y un puñado de mujeres / _cJulio Nombela. |
| 260 |
_aMadrid : _b[s.n.], _c1910 ( _fAdministración de "La Última moda") |
||
| 300 |
_a397 p. ; _c19 cm. |
||
| 490 | 1 |
_aObras literarias de Julio Nombela ; _v17 |
|
| 740 | 4 | 2 | _aUna mujer muerta en vida. |
| 740 | 4 | 2 | _aUna teoría y un puñado de mujeres. |
| 830 | 1 |
_aObras literarias de Julio Nombela ; _v17 _9192120 |
|
| 852 | 4 |
_aES-MaACL _jD-4191 |
|
| 999 |
_c184352 _d184352 |
||